[Event "tm FRA 1st"]
[Site "France"]
[Date "1999.??.??"]
[Round "9"]
[White "Neiman, Emmanuel"]
[Black "Touzane, Olivier"]
[Result "1/2-1/2"]
[WhiteElo "2333"]
[BlackElo "2378"]
[Annotator "Noyon-Montpellier"]
[PlyCount "84"]
[EventDate "1999.??.??"]

1. d4 Nf6 2. c4 g6 3. Nc3 Bg7 4. Nf3 O-O 5. Bg5 d6 6. e3 c5 7. Be2 Bf5 8. O-O
Ne4 9. Nxe4 Bxe4 10. Nd2 Bf5 11. e4 Bc8 12. d5 Bxb2 13. Rb1 Bg7 14. f4 Qc7 15.
f5 h6 16. Bh4 g5 17. Bg3 Nd7 18. h4 Bd4+ 19. Kh1 Be5 20. Rb3 Kg7 21. Bh5 Rh8
22. Bxf7 Kxf7 23. Qh5+ Kf8 24. Bxe5 dxe5 25. hxg5 Qd8 26. Rh3 Qe8 27. Qh4 a5
28. g4 Ra6 29. Rf2 Rb6 30. Nf1 a4 31. Kg1 Nf6 32. gxf6 exf6 33. Qg3 Rb4 34. Nd2
Kf7 35. Rfh2 Qf8 36. a3 Rb6 37. Kf2 Qg7 38. Qe3 Rb2 39. Qc3 Ra2 40. Rg2 Qg5 41.
Kg1 b6 42. Kh1 Qf4 1/2-1/2

[Event "tm FRA 1st"]
[Site "France"]
[Date "1999.??.??"]
[Round "9"]
[White "Fressinet, Laurent"]
[Black "Mulder, Bart-Piet"]
[Result "1-0"]
[WhiteElo "2424"]
[BlackElo "2235"]
[Annotator "Montpellier-Noyon"]
[PlyCount "47"]
[EventDate "1999.??.??"]

1. e4 c6 2. d4 d5 3. Nc3 dxe4 4. Nxe4 Bf5 5. Ng3 Bg6 6. Bc4 e6 7. N1e2 Nf6 8.
O-O Bd6 9. f4 Qd7 10. Bd3 Bxd3 11. Qxd3 g6 12. f5 exf5 13. Bg5 Be7 14. Rae1 Na6
15. Nxf5 gxf5 16. Ng3 Nb4 17. Qc4 O-O-O 18. Nxf5 b5 19. Qxf7 Bd6 20. Qxd7+ Rxd7
21. Bxf6 Rf8 22. Nxd6+ Rxd6 23. Be7 Rxf1+ 24. Rxf1 1-0

[Event "tm FRA 1st"]
[Site "France"]
[Date "1999.??.??"]
[Round "9"]
[White "Carton, Camille"]
[Black "Laclau, Daniel"]
[Result "1/2-1/2"]
[WhiteElo "2217"]
[BlackElo "2292"]
[Annotator "Noyon-Montpellier"]
[PlyCount "133"]
[EventDate "1999.??.??"]

1. e4 c5 2. Nf3 e6 3. d4 cxd4 4. Nxd4 a6 5. Nc3 Qc7 6. Be2 Nf6 7. O-O Nc6 8.
Be3 b5 9. Nxc6 dxc6 10. f4 Bb7 11. e5 Nd5 12. Nxd5 cxd5 13. f5 exf5 14. Rxf5 g6
15. Rf3 Bg7 16. Bf4 O-O 17. Qd4 Rae8 18. Rc3 Qb8 19. Re3 Qc8 20. Bd3 Re6 21.
Rae1 Rfe8 22. c3 Qc7 23. Bg3 Bf8 24. b4 Bg7 25. Bf1 Qb6 26. Qxb6 Rxb6 27. Bf2
Rbe6 28. a4 Bc6 29. axb5 axb5 30. Ra1 Bxe5 31. Ra5 Bxh2+ 32. Kxh2 Rxe3 33. Bxe3
Rxe3 34. Bxb5 Bxb5 35. Rxb5 Rxc3 36. Rxd5 Kg7 37. Rb5 h5 38. g3 Rb3 39. Kg2 Kf6
40. Kh3 Rb2 41. g4 hxg4+ 42. Kxg4 Rb1 43. Rb8 Rg1+ 44. Kf3 Kg5 45. b5 f5 46. b6
Rb1 47. b7 Rb3+ 48. Kf2 f4 49. Kg2 Kg4 50. Rg8 Rb2+ 51. Kg1 Rxb7 52. Rxg6+ Kf3
53. Ra6 Rb1+ 54. Kh2 Re1 55. Ra3+ Kf2 56. Ra2+ Re2 57. Ra1 f3 58. Rb1 Rd2 59.
Ra1 Rb2 60. Rc1 Ra2 61. Rb1 Rd2 62. Ra1 Rd8 63. Ra2+ Ke3 64. Ra3+ Ke2 65. Ra2+
Rd2 66. Ra1 Rb2 67. Kg3 1/2-1/2

[Event "tm FRA 1st"]
[Site "France"]
[Date "1999.??.??"]
[Round "9"]
[White "Julian, Stephane"]
[Black "Solakian, Jerome"]
[Result "0-1"]
[WhiteElo "2169"]
[BlackElo "2240"]
[Annotator "Montpellier-Noyon"]
[PlyCount "46"]
[EventDate "1999.??.??"]

1. e4 c5 2. Nf3 d6 3. d4 cxd4 4. Nxd4 Nf6 5. Nc3 a6 6. Bg5 e6 7. f4 Be7 8. Qf3
Qc7 9. O-O-O Nbd7 10. g4 b5 11. Bxf6 Bxf6 12. g5 Bxd4 13. Rxd4 Bb7 14. Kb1 Rc8
15. Qd1 O-O 16. Rxd6 Nc5 17. Rd4 Qxf4 18. Rg1 e5 19. Rd2 Nxe4 20. Nxe4 Bxe4 21.
Rg4 Qf5 22. Bh3 Bxc2+ 23. Rxc2 Rfd8 0-1

[Event "tm FRA 1st"]
[Site "France"]
[Date "1999.??.??"]
[Round "9"]
[White "Assad, Karine"]
[Black "Milliet, Sophie"]
[Result "1-0"]
[WhiteElo "1850"]
[BlackElo "1880"]
[Annotator "Noyon-Montpellier"]
[PlyCount "131"]
[EventDate "1999.??.??"]

1. d4 d5 2. c4 e6 3. Nc3 Nf6 4. Bg5 Nbd7 5. Nf3 c6 6. e3 Qa5 7. cxd5 exd5 8.
Bd3 Ne4 9. Qc2 Nxg5 10. Nxg5 h6 11. Nf3 Bd6 12. O-O O-O 13. a3 Qd8 14. b4 a6
15. Rab1 Qe7 16. Ne2 Nf6 17. Ng3 g6 18. Rfc1 Bg4 19. Nd2 Rac8 20. Nb3 Kg7 21.
Nc5 h5 22. Nf1 h4 23. f3 Be6 24. Re1 Rfd8 25. Qf2 Nh5 26. Qe2 Rb8 27. Rec1 Qf6
28. Qf2 Re8 29. Nd2 Qg5 30. f4 Qe7 31. Re1 Qf6 32. Nf3 h3 33. Nxe6+ Qxe6 34.
Ng5 Qd7 35. Nxh3 Nf6 36. Re2 Re7 37. Ng5 Rbe8 38. h3 Qc7 39. Rbe1 a5 40. Rb1
axb4 41. axb4 b6 42. Nf3 c5 43. bxc5 bxc5 44. Ne5 Bxe5 45. fxe5 Nd7 46. Rc1 Qb6
47. Rb2 Qe6 48. Ra1 Qc6 49. Ra6 Qc8 50. Rd6 c4 51. Be2 c3 52. Rc2 Qa8 53. Bf3
Qa1+ 54. Kh2 Rb8 55. Bxd5 Rb2 56. Rc6 Qa5 57. e4 Nb6 58. Rxb2 cxb2 59. Qf6+ Kh6
60. Rxb6 Re6 61. Qh8+ Kg5 62. h4+ Kg4 63. Bxe6+ fxe6 64. Rxb2 Qc3 65. Rf2 Qg3+
66. Kg1 1-0

[Event "tm FRA 1st"]
[Site "France"]
[Date "1999.??.??"]
[Round "9"]
[White "Beikert, Guenther"]
[Black "Gallagher, Joseph"]
[Result "1-0"]
[WhiteElo "2440"]
[BlackElo "2519"]
[Annotator "Gonfreville-Cannes"]
[PlyCount "118"]
[EventDate "1999.??.??"]

1. c4 g6 2. g3 Bg7 3. Bg2 d6 4. Nc3 Nf6 5. e4 O-O 6. Nge2 e5 7. h3 c6 8. O-O
Re8 9. d3 Na6 10. f4 Nc7 11. f5 d5 12. g4 dxc4 13. dxc4 Qxd1 14. Rxd1 Bf8 15.
Kf2 Nd7 16. h4 a6 17. Be3 b5 18. h5 Rb8 19. hxg6 hxg6 20. cxb5 axb5 21. Rh1 Bc5
22. Rh6 Bxe3+ 23. Kxe3 Nf6 24. Bf3 Kg7 25. g5 Nh7 26. Rg1 Nxg5 27. Rxg6+ fxg6
28. Rxg5 Bd7 29. Rxg6+ Kh7 30. Rd6 Rbd8 31. Bh5 Rf8 32. Bg6+ Kg8 33. Ng1 b4 34.
Na4 Nb5 35. Rd2 Kg7 36. Nf3 Kf6 37. Nh2 Rh8 38. Ng4+ Kg5 39. Nxe5 Rh3+ 40. Nf3+
Kf6 41. Nc5 Bxf5 42. exf5 Rxd2 43. Ne4+ Ke7 44. Nexd2 c5 45. Ne4 Nd4 46. f6+
Kd8 47. Nxc5 Rxf3+ 48. Kxd4 Rxf6 49. Bd3 Rf2 50. Na4 Rd2 51. Kc4 Kc7 52. Be4
Re2 53. Bf3 Rf2 54. Bd1 Rf4+ 55. Kc5 Kb7 56. Kb5 Kc7 57. Bb3 Kd6 58. Bc4 Rf5+
59. Kxb4 Kc6 1-0

[Event "tm FRA 1st"]
[Site "France"]
[Date "1999.??.??"]
[Round "9"]
[White "Godena, Michele"]
[Black "Rausis, Igors"]
[Result "0-1"]
[WhiteElo "2552"]
[BlackElo "2508"]
[Annotator "Cannes-Gonfreville"]
[PlyCount "68"]
[EventDate "1999.??.??"]

1. e4 c6 2. d4 d5 3. Nd2 dxe4 4. Nxe4 Bf5 5. Ng3 Bg6 6. Bc4 e6 7. N1e2 Nd7 8.
Nf4 Nb6 9. Bb3 Nd5 10. Nxg6 hxg6 11. Ne4 Ngf6 12. Ng5 Qc7 13. g3 Nh7 14. Nf3
O-O-O 15. O-O Bd6 16. Qe2 Ne7 17. c4 Qd7 18. Rd1 Nf5 19. Ba4 Qe8 20. b4 g5 21.
h3 Nf8 22. d5 f6 23. g4 Rxh3 24. dxc6 Qg6 25. cxb7+ Kb8 26. Rxd6 Nxd6 27. Kg2
Rh8 28. Be3 Qe4 29. Rg1 Ng6 30. Kf1 Nf4 31. Bxf4 Qxf4 32. Bc6 Nxc4 33. Kg2
Qxg4+ 34. Kf1 Qf4 0-1

[Event "tm FRA 1st"]
[Site "France"]
[Date "1999.??.??"]
[Round "9"]
[White "Eliet, Nicolas"]
[Black "Chabanon, Jean-Luc"]
[Result "1/2-1/2"]
[WhiteElo "2408"]
[BlackElo "2468"]
[Annotator "Gonfreville-Cannes"]
[PlyCount "28"]
[EventDate "1999.??.??"]

1. d4 Nf6 2. c4 e6 3. Nc3 Bb4 4. Qb3 c5 5. dxc5 Nc6 6. Nf3 Bxc5 7. Bg5 Nd4 8.
Nxd4 Bxd4 9. e3 Qa5 10. exd4 Qxg5 11. Qa3 Qf4 12. Be2 Ne4 13. O-O Nxc3 14. bxc3
Qc7 1/2-1/2

[Event "tm FRA 1st"]
[Site "France"]
[Date "1999.??.??"]
[Round "9"]
[White "Peric, Slavisa"]
[Black "Gouret, Thierry"]
[Result "0-1"]
[WhiteElo "2300"]
[BlackElo "2296"]
[Annotator "Cannes-Gonfreville"]
[PlyCount "72"]
[EventDate "1999.??.??"]

1. d4 e6 2. Nf3 c5 3. e3 Nf6 4. Bd3 b6 5. O-O Be7 6. c4 O-O 7. Nc3 d5 8. cxd5
exd5 9. dxc5 bxc5 10. e4 d4 11. Ne2 Nc6 12. e5 Nd5 13. Be4 Be6 14. Nf4 Nxf4 15.
Bxf4 Rc8 16. Qb1 g6 17. b3 Re8 18. Qc1 a5 19. Re1 a4 20. Ng5 Bd5 21. Bc2 Nb4
22. Ne4 d3 23. Bd1 c4 24. bxc4 Rxc4 25. Nc3 Nc2 26. Nxd5 Qxd5 27. Bxc2 Rxc2 28.
Qd1 Bc5 29. Rf1 a3 30. Rc1 Qxa2 31. Qxd3 Bxf2+ 32. Kh1 Rxc1 33. Bxc1 Bc5 34.
Qb5 Rc8 35. Qa6 Qe6 36. Bxa3 Qxe5 0-1

[Event "tm FRA 1st"]
[Site "France"]
[Date "1999.??.??"]
[Round "9"]
[White "Gervais, Claire"]
[Black "Rainfray, Arnaud"]
[Result "0-1"]
[WhiteElo "2201"]
[BlackElo "2322"]
[Annotator "Gonfreville-Cannes"]
[PlyCount "82"]
[EventDate "1999.??.??"]

1. d4 d5 2. c4 e6 3. Nc3 Bb4 4. Nf3 Nf6 5. Bg5 Nbd7 6. e3 c5 7. cxd5 exd5 8.
Bd3 c4 9. Bf5 Qa5 10. O-O O-O 11. Qc2 Re8 12. Ne2 Ne4 13. Bf4 Ndf6 14. Bxc8
Raxc8 15. Ne5 Nh5 16. Bg3 Bd6 17. Nf3 Nhxg3 18. Nxg3 g6 19. Nxe4 dxe4 20. Nd2
Qd5 21. Nb1 Qh5 22. g3 Kg7 23. Nc3 Qg4 24. Qd1 h5 25. Kg2 a6 26. a4 Qg5 27. f4
Qf5 28. h3 Bb8 29. Rc1 b5 30. axb5 axb5 31. Qe2 b4 32. Na2 Qa5 33. Ra1 Qa4 34.
Nc3 Qb3 35. Nb5 Qd3 36. Kf2 h4 37. Rfe1 g5 38. Qg4 hxg3+ 39. Qxg3 Rc6 40. Qg4
c3 41. Qd7 Qxb5 0-1

[Event "tm FRA 1st"]
[Site "France"]
[Date "1999.??.??"]
[Round "9"]
[White "Sorin, Maxime"]
[Black "Lefebvre, Herve"]
[Result "1/2-1/2"]
[WhiteElo "2208"]
[BlackElo "2119"]
[Annotator "Cannes-Gonfreville"]
[PlyCount "42"]
[EventDate "1999.??.??"]

1. e4 c5 2. Nf3 d6 3. d4 cxd4 4. Nxd4 Nf6 5. Nc3 a6 6. Bc4 e6 7. Bb3 b5 8. O-O
Be7 9. Qf3 Qb6 10. Bg5 O-O 11. Rad1 Nbd7 12. Qg3 Nc5 13. Rfe1 Bb7 14. Bh6 Ne8
15. Kh1 Kh8 16. Bg5 Bxg5 17. Qxg5 Nf6 18. f3 Rfd8 19. Nce2 a5 20. c3 a4 21. Bc2
b4 1/2-1/2

[Event "tm FRA 1st"]
[Site "France"]
[Date "1999.??.??"]
[Round "9"]
[White "Vaugeois, Cyrille"]
[Black "Levacic, Damir"]
[Result "1-0"]
[WhiteElo "2147"]
[BlackElo "2295"]
[Annotator "Gonfreville-Cannes"]
[PlyCount "85"]
[EventDate "1999.??.??"]

1. e4 c5 2. Nf3 d6 3. d4 Nf6 4. Nc3 cxd4 5. Qxd4 Nc6 6. Bb5 Bd7 7. Bxc6 Bxc6 8.
Bg5 e6 9. O-O-O Be7 10. Rhe1 O-O 11. e5 dxe5 12. Qh4 Qc7 13. Nxe5 Rfd8 14. Ng4
Nxg4 15. Bxe7 Rxd1+ 16. Rxd1 Nh6 17. Bd6 Nf5 18. Bxc7 Nxh4 19. g3 Nf3 20. h4 f6
21. b4 a6 22. a4 h5 23. Kb2 g5 24. b5 Be8 25. hxg5 fxg5 26. Rd3 g4 27. Rd6 axb5
28. axb5 Rc8 29. b6 Ng5 30. Rd4 Bc6 31. Rc4 Bf3 32. Rc5 Nh3 33. Rxh5 Nxf2 34.
Nb5 Nd1+ 35. Kb3 Ne3 36. c4 Rf8 37. Be5 Rf5 38. Rh8+ Kf7 39. Nd6+ Kg6 40. Rg8+
Kh7 41. Rg7+ Kh6 42. Nxf5+ Nxf5 43. Rc7 1-0

[Event "tm FRA 1st"]
[Site "France"]
[Date "1999.??.??"]
[Round "9"]
[White "Bramme, Emmanuelle"]
[Black "Nguyen, Kim-David"]
[Result "1/2-1/2"]
[WhiteElo "2049"]
[BlackElo "2110"]
[Annotator "Cannes-Gonfreville"]
[PlyCount "72"]
[EventDate "1999.??.??"]

1. d4 d5 2. c4 c6 3. Nf3 dxc4 4. e3 Be6 5. Qc2 Nf6 6. Nbd2 b5 7. Be2 Qa5 8. O-O
Bg4 9. Ne4 e6 10. Bd2 Qb6 11. Nxf6+ gxf6 12. a4 Qb7 13. Rfe1 Nd7 14. e4 a6 15.
axb5 cxb5 16. d5 e5 17. h3 Bxf3 18. Bxf3 Nc5 19. Bg4 Nb3 20. Rad1 Nd4 21. Qb1
a5 22. Kh1 a4 23. f4 a3 24. bxa3 Rxa3 25. Be3 Bc5 26. fxe5 fxe5 27. Bxd4 Bxd4
28. d6 b4 29. d7+ Ke7 30. Qc1 h6 31. Qxc4 Rc3 32. Qe2 Re3 33. Qc2 Rxe1+ 34.
Rxe1 Rd8 35. Rb1 Qb6 36. Bf5 Qc5 1/2-1/2

[Event "tm FRA 1st"]
[Site "France"]
[Date "1999.??.??"]
[Round "9"]
[White "Vaisser, Anatoly"]
[Black "Hebden, Mark"]
[Result "1-0"]
[WhiteElo "2559"]
[BlackElo "2556"]
[Annotator "Auxerre-Clichy"]
[PlyCount "143"]
[EventDate "1999.??.??"]

1. d4 Nf6 2. c4 g6 3. Nc3 Bg7 4. e4 d6 5. f4 O-O 6. Nf3 Na6 7. Bd3 e5 8. fxe5
dxe5 9. d5 Nh5 10. O-O Qe7 11. Re1 Bg4 12. h3 Bd7 13. a3 c5 14. Bc2 Rad8 15.
Rb1 Nf6 16. Bg5 h6 17. Bh4 Qd6 18. Ba4 Rc8 19. Bxd7 Nxd7 20. Nb5 Qb8 21. Be7
Rfe8 22. d6 Bf8 23. Bxf8 Kxf8 24. Rf1 Re6 25. Nh2 Kg7 26. Ng4 h5 27. Ne3 Rf8
28. Rf3 Nf6 29. Qd3 Qd8 30. Rbf1 Nb8 31. Nd5 Nxd5 32. cxd5 Rxd6 33. Nxd6 Qxd6
34. Rf6 Qe7 35. d6 Qe8 36. Qd5 Nd7 37. R6f2 b6 38. b4 f6 39. g4 hxg4 40. hxg4
g5 41. Rh2 Qf7 42. Qxf7+ Rxf7 43. Rc1 Rf8 44. Kf2 Rc8 45. Ke3 a6 46. bxc5 bxc5
47. Rb1 Kf7 48. Rh7+ Ke6 49. Rb7 Rd8 50. Ra7 Nb8 51. Ra8 Kxd6 52. Rb7 Nc6 53.
Rxa6 c4 54. Rb5 Rc8 55. Rd5+ Kc7 56. Rc5 Kb7 57. Ra4 Rh8 58. Raxc4 Rh3+ 59. Kf2
Nd4 60. Rb4+ Ka6 61. a4 Rf3+ 62. Kg2 Rf4 63. a5 Rxg4+ 64. Kf2 Rxe4 65. Rb6+ Ka7
66. Rc7+ Ka8 67. Rbb7 Rf4+ 68. Ke1 Nc2+ 69. Kd1 Nb4 70. Ra7+ Kb8 71. Rcb7+ Kc8
72. Rf7 1-0

[Event "tm FRA 1st"]
[Site "France"]
[Date "1999.??.??"]
[Round "9"]
[White "Degraeve, Jean-Marc"]
[Black "Van Wely, Loek"]
[Result "0-1"]
[WhiteElo "2536"]
[BlackElo "2636"]
[Annotator "Clichy-Auxerre"]
[PlyCount "70"]
[EventDate "1999.??.??"]

1. e4 c5 2. Nf3 d6 3. d4 cxd4 4. Nxd4 Nf6 5. Nc3 a6 6. Rg1 h6 7. g4 g5 8. Be3
e6 9. Qd2 Nbd7 10. f3 Ne5 11. O-O-O b5 12. h4 gxh4 13. f4 Nexg4 14. e5 b4 15.
Na4 dxe5 16. fxe5 Nxe3 17. Qxe3 Nd5 18. Qf3 Be7 19. Bd3 Bb7 20. Be4 Bg5+ 21.
Kb1 Qa5 22. b3 Rd8 23. Rd3 Qc7 24. Rf1 O-O 25. Re1 Kh8 26. Qd1 Nf4 27. Rd2 Ng6
28. Bxg6 fxg6 29. Rd3 Bd5 30. c4 bxc3 31. Nxc3 Qc5 32. Kb2 h3 33. Rxh3 Rf2+ 34.
Nde2 Bf3 35. Qc2 Rd2 0-1

[Event "tm FRA 1st"]
[Site "France"]
[Date "1999.??.??"]
[Round "9"]
[White "Nataf, Igor-Alexandre"]
[Black "Solozhenkin, Evgeniy"]
[Result "1/2-1/2"]
[WhiteElo "2475"]
[BlackElo "2545"]
[Annotator "Clichy-Auxerre"]
[PlyCount "53"]
[EventDate "1999.??.??"]

1. e4 c6 2. d4 d5 3. e5 Bf5 4. Nc3 e6 5. g4 Bg6 6. Nge2 Ne7 7. Nf4 c5 8. h4
cxd4 9. Nb5 Nec6 10. h5 Be4 11. f3 a6 12. Nd6+ Bxd6 13. exd6 g5 14. Nh3 h6 15.
fxe4 dxe4 16. Bg2 f5 17. O-O O-O 18. gxf5 exf5 19. Bxe4 fxe4 20. Bxg5 Rxf1+ 21.
Qxf1 hxg5 22. Qf5 Qd7 23. Qg6+ Qg7 24. Qe8+ Qf8 25. Qe6+ Qf7 26. Qc8+ Qf8 27.
Qe6+ 1/2-1/2

[Event "tm FRA 1st"]
[Site "France"]
[Date "1999.??.??"]
[Round "9"]
[White "Cramling, Pia"]
[Black "Conquest, Stuart"]
[Result "1-0"]
[WhiteElo "2515"]
[BlackElo "2488"]
[Annotator "Auxerre-Clichy"]
[PlyCount "79"]
[EventDate "1999.??.??"]

1. d4 d6 2. Nf3 g6 3. c4 Bg7 4. Nc3 Bg4 5. e3 Nf6 6. Be2 O-O 7. O-O Na6 8. h3
Bf5 9. b3 e5 10. Bb2 Qe7 11. a3 c5 12. Re1 Rad8 13. Bf1 e4 14. Nd2 d5 15. dxc5
Nxc5 16. b4 Na6 17. c5 Nc7 18. Nb3 Bc8 19. Ne2 h5 20. Ra2 Kh7 21. Qa1 Rg8 22.
Be5 Rde8 23. Bd6 Qd8 24. Nbd4 Nd7 25. Nf4 Ne5 26. Qd1 h4 27. Rd2 Ne6 28. Nde2
Nxf4 29. Nxf4 Be6 30. Bb5 Qg5 31. Bxe5 Bxe5 32. Bxe8 Rxe8 33. Nxe6 fxe6 34. Rc2
Qf6 35. Qe2 Rf8 36. Rf1 Bc7 37. f4 e5 38. Qd2 Rf7 39. Qxd5 exf4 40. Qxe4 1-0

[Event "tm FRA 1st"]
[Site "France"]
[Date "1999.??.??"]
[Round "9"]
[White "Apicella, Manuel"]
[Black "Boudre, Jean-Pierre"]
[Result "1/2-1/2"]
[WhiteElo "2515"]
[BlackElo "2389"]
[Annotator "Clichy-Auxerre"]
[PlyCount "147"]
[EventDate "1999.??.??"]

1. e4 e5 2. Nf3 Nc6 3. Bb5 a6 4. Ba4 Nf6 5. O-O Be7 6. Re1 b5 7. Bb3 O-O 8. a4
b4 9. d3 d6 10. Nbd2 Rb8 11. Nc4 Be6 12. h3 h6 13. a5 Nh7 14. Ba4 Na7 15. Nfd2
Bg5 16. Ne3 Nc8 17. c3 Ne7 18. d4 Bxe3 19. Rxe3 c5 20. Bb3 Ng5 21. d5 Bc8 22.
Nf3 Nxf3+ 23. Rxf3 bxc3 24. bxc3 Bd7 25. Bc2 f5 26. exf5 Bxf5 27. Bxf5 Nxf5 28.
Qd3 Qc8 29. Kh2 Rb5 30. Ra4 Qd7 31. Bd2 Rf7 32. g3 Ne7 33. Bxh6 Rb2 34. Rg4
Rxf2+ 35. Rxf2 Rxf2+ 36. Kg1 Rf7 37. Bg5 Qf5 38. Qxf5 Nxf5 39. Kg2 Rb7 40. Rc4
Rb2+ 41. Kf3 Kf7 42. h4 Rc2 43. Be3 Nxe3 44. Kxe3 Kf6 45. Kd3 Ra2 46. Rg4 g6
47. h5 gxh5 48. Rg8 Kf7 49. Rd8 Ke7 50. Rh8 Rxa5 51. Rxh5 Ra4 52. Rh7+ Kf6 53.
Rh6+ Kf5 54. Rh5+ Kg6 55. Rh8 e4+ 56. Ke3 Rc4 57. Rd8 Kf5 58. Rxd6 Rxc3+ 59.
Kf2 Rf3+ 60. Kg2 Rd3 61. Rxa6 Rd2+ 62. Kf1 Rxd5 63. Ke2 Ke5 64. g4 Kd4 65. Ra1
Rg5 66. Rd1+ Ke5 67. Rc1 Kd4 68. Rd1+ Kc4 69. Rg1 Kb3 70. Ke3 c4 71. Kxe4 c3
72. Kf4 Rd5 73. g5 c2 74. g6 1/2-1/2

[Event "tm FRA 1st"]
[Site "France"]
[Date "1999.??.??"]
[Round "9"]
[White "Nicoara, Malina"]
[Black "Relange, Eloi"]
[Result "0-1"]
[WhiteElo "2245"]
[BlackElo "2478"]
[Annotator "Auxerre-Clichy"]
[PlyCount "116"]
[EventDate "1999.??.??"]

1. d4 Nf6 2. c4 e6 3. Nc3 c5 4. d5 exd5 5. cxd5 g6 6. e4 d6 7. Bd3 Bg7 8. Nge2
O-O 9. O-O a6 10. a4 Nbd7 11. h3 Re8 12. Ng3 Rb8 13. f4 Qc7 14. Bc4 Nb6 15. Ba2
c4 16. Be3 Nbd7 17. Ba7 Ra8 18. Bd4 h5 19. Qf3 Nxe4 20. Bxg7 Qb6+ 21. Kh1 Nd2
22. a5 Qd8 23. Qf2 Nxf1 24. Bd4 Nxg3+ 25. Qxg3 Nc5 26. Bxc4 Bf5 27. Kh2 Ne4 28.
Qe1 Qe7 29. b3 Rac8 30. Rd1 Qf8 31. Nxe4 Rxe4 32. Qh4 Qh6 33. g3 Rxd4 34. Rxd4
Qg7 35. Rd2 Qc3 36. Rf2 Re8 37. g4 hxg4 38. hxg4 Kg7 39. gxf5 Rh8 40. Qxh8+
Kxh8 41. fxg6 fxg6 42. Re2 Qf3 43. Re3 Kg7 44. Re7+ Kf6 45. Rxb7 Qxf4+ 46. Kg2
Qd2+ 47. Kf3 Qxa5 48. Rb8 Qc3+ 49. Kg4 Qd4+ 50. Kf3 a5 51. Ra8 g5 52. Rf8+ Kg6
53. Rg8+ Kh5 54. Kg3 Qe5+ 55. Kf2 Kh4 56. Ra8 g4 57. Rg8 g3+ 58. Kg2 Qf6 0-1

[Event "tm FRA 1st"]
[Site "France"]
[Date "1999.??.??"]
[Round "9"]
[White "Renet, Olivier"]
[Black "Chevrier, Thomas"]
[Result "1-0"]
[WhiteElo "2500"]
[BlackElo "2156"]
[Annotator "Clichy-Auxerre"]
[PlyCount "71"]
[EventDate "1999.??.??"]

1. Nf3 Nf6 2. c4 g6 3. Nc3 Bg7 4. e4 d6 5. d4 O-O 6. Be2 e5 7. O-O Nc6 8. d5
Ne7 9. Ne1 Ne8 10. Be3 f5 11. f3 f4 12. Bf2 a5 13. c5 dxc5 14. Bxc5 g5 15. Rc1
h5 16. Nb5 Rf6 17. Nd3 Rh6 18. Nf2 Ng6 19. Rc3 Bd7 20. a4 Bf8 21. Bxf8 Kxf8 22.
Qc2 c6 23. dxc6 Bxc6 24. Rd1 Qe7 25. Bc4 Nf6 26. Nd6 Nh4 27. g3 Rd8 28. Nf7
Rxd1+ 29. Nxd1 Rg6 30. gxh4 gxh4+ 31. Kf1 Ne8 32. Qb3 h3 33. Qa3 Rg2 34. Qxe7+
Kxe7 35. Nxe5 Rxh2 36. Ng6+ 1-0

[Event "tm FRA 1st"]
[Site "France"]
[Date "1999.??.??"]
[Round "9"]
[White "Fargere, Francois"]
[Black "Leconte, Maria"]
[Result "0-1"]
[WhiteElo "2109"]
[BlackElo "2315"]
[Annotator "Auxerre-Clichy"]
[PlyCount "50"]
[EventDate "1999.??.??"]

1. e4 e5 2. Nf3 d6 3. d4 exd4 4. Nxd4 Nf6 5. Nc3 Be7 6. Be2 O-O 7. O-O a6 8. f4
Re8 9. Bf3 c5 10. Nb3 Nc6 11. Be3 Be6 12. Nd5 Bxd5 13. exd5 Nb8 14. Qd2 Nbd7
15. Rae1 Nb6 16. Qd3 c4 17. Bxb6 Qxb6+ 18. Qd4 Bd8 19. Rxe8+ Nxe8 20. Re1 Nf6
21. Kh1 cxb3 22. Qa4 Kf8 23. axb3 Qa5 24. Rd1 Qxa4 25. bxa4 Rc8 0-1

[Event "tm FRA 1st"]
[Site "France"]
[Date "1999.??.??"]
[Round "9"]
[White "Roos, Louis"]
[Black "Hinks-Edwards, Thomas"]
[Result "1-0"]
[WhiteElo "2388"]
[BlackElo "2318"]
[Annotator "Strasbourg-Avignon"]
[PlyCount "99"]
[EventDate "1999.??.??"]

1. e4 Nf6 2. Nc3 d5 3. exd5 Nxd5 4. Bc4 Nb6 5. Bb3 Nc6 6. Qf3 e6 7. Nge2 Be7 8.
d3 O-O 9. a4 Nd7 10. O-O Nc5 11. Ba2 Nb4 12. Bb1 Nd5 13. d4 Nxc3 14. bxc3 Nd7
15. c4 e5 16. c3 Bf6 17. Ra2 Re8 18. Be3 Nb6 19. Bd3 e4 20. Bxe4 Nxc4 21. Bf4
Nd6 22. Bd3 c6 23. Ng3 Be6 24. Rb2 Bd5 25. Qd1 b6 26. Nh5 Bc4 27. Bxc4 Nxc4 28.
Re2 Rf8 29. Qd3 b5 30. Qf3 Rc8 31. Bh6 gxh6 32. Nxf6+ Kg7 33. Nh5+ Kh8 34. Rfe1
Qg5 35. h4 Qg6 36. Nf6 Nd6 37. Nd7 Rfe8 38. Ne5 Qg7 39. Nxc6 Rxe2 40. Rxe2 bxa4
41. Ne5 f6 42. Qd5 fxe5 43. Qxd6 a3 44. dxe5 Rxc3 45. e6 a2 46. Rxa2 Rc1+ 47.
Kh2 Qc7 48. Rd2 Qxd6+ 49. Rxd6 Re1 50. Ra6 1-0

[Event "tm FRA 1st"]
[Site "France"]
[Date "1999.??.??"]
[Round "9"]
[White "Salus, Stephane"]
[Black "Maier, Christian"]
[Result "1/2-1/2"]
[WhiteElo "2237"]
[BlackElo "2353"]
[Annotator "Avignon-Strasbourg"]
[PlyCount "92"]
[EventDate "1999.??.??"]

1. d4 Nf6 2. c4 e6 3. Nf3 b6 4. a3 Bb7 5. Nc3 d5 6. Bg5 Nbd7 7. cxd5 exd5 8. e3
Be7 9. b4 O-O 10. Bd3 Ne4 11. Bxe7 Qxe7 12. Qc2 Rac8 13. Rb1 Ndf6 14. Na4 c6
15. O-O Rfe8 16. Rb2 Nd6 17. Rc1 Nfe4 18. Qe2 Rc7 19. Rbc2 Nc4 20. Bxc4 dxc4
21. Nd2 Nd6 22. Nc3 b5 23. e4 Qd8 24. Qh5 Bc8 25. a4 a5 26. Rb1 axb4 27. Rxb4
g6 28. Qc5 Kg7 29. h3 Bb7 30. e5 Nf5 31. Nf3 Rd7 32. Rd2 Nh4 33. Nh2 Qg5 34. f4
Qxf4 35. Nf1 Nf5 36. Ne2 Qe4 37. a5 Ba8 38. a6 Ne3 39. Nc3 Qf4 40. Rf2 Qh6 41.
Ne4 Nd5 42. Rb1 Kg8 43. Nf6+ Nxf6 44. Rxf6 Qf8 45. Qb6 Rb8 46. Qa5 Qd8 1/2-1/2

[Event "tm FRA 1st"]
[Site "France"]
[Date "1999.??.??"]
[Round "9"]
[White "Szabolcsi, Janos"]
[Black "Gachon, Lionel"]
[Result "1-0"]
[WhiteElo "2448"]
[BlackElo "2285"]
[Annotator "Strasbourg-Avignon"]
[PlyCount "71"]
[EventDate "1999.??.??"]

1. d4 Nf6 2. Nf3 g6 3. g3 Bg7 4. Bg2 O-O 5. O-O d6 6. c4 Nc6 7. Nc3 e5 8. d5
Ne7 9. c5 Ne8 10. cxd6 Nxd6 11. e4 h6 12. Re1 c6 13. dxc6 Nxc6 14. Be3 b6 15.
b3 Ba6 16. Qc1 Nb4 17. Rd1 Rc8 18. Qa3 Nc2 19. Qxa6 Rxc3 20. Bd2 Rxf3 21. Bxf3
Nxa1 22. Rxa1 Nxe4 23. Be3 Ng5 24. Bb7 e4 25. Rc1 Qd7 26. Bc8 Qe7 27. Qc4 Kh7
28. Qc7 Re8 29. h4 Nf3+ 30. Kf1 h5 31. Qf4 Nh2+ 32. Kg2 Ng4 33. Bxg4 hxg4 34.
Rc7 Qe5 35. Rxf7 Qd5 36. Qh6+ 1-0

[Event "tm FRA 1st"]
[Site "France"]
[Date "1999.??.??"]
[Round "9"]
[White "Roos, Jean-Luc"]
[Black "Cursoux, Laurent"]
[Result "1-0"]
[WhiteElo "2321"]
[BlackElo "2230"]
[Annotator "Strasbourg-Avignon"]
[PlyCount "103"]
[EventDate "1999.??.??"]

1. e4 c5 2. Nc3 d6 3. g3 Nc6 4. Bg2 g6 5. d3 Bg7 6. f4 e6 7. Nf3 Nge7 8. O-O
O-O 9. Be3 Nd4 10. Bf2 Nec6 11. Nxd4 Nxd4 12. e5 dxe5 13. fxe5 Bxe5 14. Ne4 f5
15. Nxc5 Qc7 16. b4 f4 17. gxf4 Rxf4 18. c3 Nf5 19. d4 Rxf2 20. Rxf2 Bxh2+ 21.
Kh1 Bg3 22. Rf3 Bd7 23. Nxd7 Qxd7 24. Qd3 Bc7 25. Re1 Qd6 26. Rh3 Rf8 27. Kg1
Qf4 28. Qe4 e5 29. Qxf4 exf4 30. Be4 Ne3 31. Bxb7 Rf5 32. Be4 Rf6 33. c4 Ra6
34. c5 Kg7 35. d5 Be5 36. d6 Rxa2 37. Rh2 Ra4 38. Rd2 Rxb4 39. d7 Bc7 40. d8=Q
Bxd8 41. Rxd8 Rc4 42. Rd7+ Kf6 43. c6 Rxe4 44. Rc1 Nc4 45. c7 Nb6 46. Rd6+ Re6
47. Rcc6 Rxd6 48. Rxd6+ Ke7 49. Rxb6 Kd7 50. Ra6 Kxc7 51. Rxa7+ Kd6 52. Kf2 1-0

[Event "tm FRA 1st"]
[Site "France"]
[Date "1999.??.??"]
[Round "9"]
[White "Harovelo, Ingmar"]
[Black "Blachier, Pierre"]
[Result "1-0"]
[WhiteElo "2295"]
[BlackElo "2135"]
[Annotator "Strasbourg-Avignon"]
[PlyCount "71"]
[EventDate "1999.??.??"]

1. d4 Nf6 2. c4 d6 3. Nf3 g6 4. g3 Bg7 5. Bg2 O-O 6. O-O Nc6 7. d5 Na5 8. Nfd2
c5 9. Nc3 a6 10. Rb1 Rb8 11. Qc2 b5 12. b3 Bh6 13. f4 e5 14. dxe6 fxe6 15. Nce4
Ne8 16. Bb2 Bg7 17. Ng5 Bxb2 18. Rxb2 Qf6 19. Nde4 Qd4+ 20. Kh1 bxc4 21. Rd1
Qe3 22. bxc4 Rxb2 23. Qxb2 Nxc4 24. Qb8 Ng7 25. Nxd6 Nxd6 26. Qxd6 Qxe2 27. Bf3
Qxa2 28. Qe7 Qa5 29. Nxh7 Rf7 30. Nf6+ Rxf6 31. Qxf6 Qa3 32. Rd8+ Kh7 33. Qh4+
Nh5 34. Bxh5 gxh5 35. Qxh5+ Kg7 36. Qh8+ 1-0